000 00926cab a2200289 4500
001 ABS59371
008 090401t1998 xxu||||| |||| 00| 0 eng d
035 _a(Sirsi) u88641
041 _aeng
100 _aCook, A.
245 _aSocial revolution
260 _c1998
350 _a0
490 _aBuilding
_v268(8055) 11 September 1998, 44-57(11)
520 _aAn overview of the government`s investment in regeneration which looks in particular at social housing. Focuses on funding and the first PFI social housing project. Includes cost analysis. Plans.
650 _aCOSTS
650 _aFUNDING
650 _aHIGH RISE BUILDINGS
650 _aPRIVATE FINANCE INITIATIVE
650 _aPRIVATE INVESTMENT
650 _aBUILT ENVIRONMENT-BUILDING MAINTENANCE AND REFURBISHMENT
650 _aREGENERATION
650 _aSOCIAL HOUSING
690 _aURBAN RENEWAL
942 _n0
948 _c24/09/1998
999 _c56040
_d56040